000 00704cab a2200229 4500
001 ABS58111
008 090401t1998 xxu||||| |||| 00| 0 eng d
035 _a(Sirsi) u82966
041 _aeng
100 _aTaylor, D.
245 _aDifferent class of investor - shortage of classy properties
260 _c1998
350 _a0
490 _aForestry & British Timber
_v27(1) January 1998, 20-23(3)
520 _aAnnual review of the woodland investment market, which finds a shortage of quality properties in the face of continuing demand.
650 _aINVESTMENT MARKET
650 _aTIMBER MARKET
650 _aWOODLANDS
690 _aRURAL PRACTICE
942 _n0
948 _c06/01/1998
999 _c52403
_d52403